Návrh hodnotenia investičného projektu v podniku SLOVNAFT, a.s., Bratislava

Saved in:
Bibliographic Details
Main Author: Koniarik, Martin (Author)
Other Authors: Šefčíková, Miriam (Thesis advisor)
Format: Manuscript Book
Language:Slovak
Published: 2021
Subjects:
Online Access:http://is.stuba.sk/zp/portal_zp.pl?podrobnosti=158259
Tags: Add Tag
No Tags, Be the first to tag this record!

MARC

LEADER 00000ntm a22000003a 4500
001 stuzp83851
003 SK-STU
005 20210612212220.9
007 ta
008 150427s2015----xo-----f-mn---000-0-slo-d
040 |a STU  |b slo 
041 0 |a slo 
100 1 |a Koniarik, Martin  |u 064000  |k Z4  |4 aut  |U MTF Materiálovotechnologická fakulta  |T MTF Ústav priemyselného inžinierstva a manažmentu  |X 85598  |U M4000  |Y 84  |7 85598 
242 0 1 |a Proposal for evaluation of an investment project in SLOVNAFT, a.s., Bratislava  |y eng 
245 1 0 |a Návrh hodnotenia investičného projektu v podniku SLOVNAFT, a.s., Bratislava 
260 |c 2021 
650 4 |a Investície  |2 slo 
650 4 |a Investičný projekt a jeho klasifikácie  |2 slo 
650 4 |a metódy hodnotenia investičných projektov  |2 slo 
650 4 |a Investments  |2 eng 
650 4 |a Investment project and its classification  |2 eng 
650 4 |a methods of evaluation of investment projects  |2 eng 
700 1 |a Šefčíková, Miriam  |u 069520  |k Z2  |4 ths  |U MTF Materiálovotechnologická fakulta  |T MTF Oddelenie zahraničných projektov  |X 2854  |U 069520  |Y 675  |7 A000002854 
856 4 |u http://is.stuba.sk/zp/portal_zp.pl?podrobnosti=158259 
996 |c M* DP-14676  |l MMSKP  |s P  |a 0  |w stuzp83851_0001